<?xml version="1.0" encoding="UTF-8"?><?xml-stylesheet type="text/xsl" href="static/style.xsl"?><OAI-PMH xmlns="http://www.openarchives.org/OAI/2.0/" xmlns:xsi="http://www.w3.org/2001/XMLSchema-instance" xsi:schemaLocation="http://www.openarchives.org/OAI/2.0/ http://www.openarchives.org/OAI/2.0/OAI-PMH.xsd"><responseDate>2026-04-17T13:52:06Z</responseDate><request verb="GetRecord" identifier="oai:riubu.ubu.es:10259/9524" metadataPrefix="marc">https://riubu.ubu.es/oai/request</request><GetRecord><record><header><identifier>oai:riubu.ubu.es:10259/9524</identifier><datestamp>2025-05-12T08:13:52Z</datestamp><setSpec>com_10259_4313</setSpec><setSpec>com_10259_5086</setSpec><setSpec>com_10259_2604</setSpec><setSpec>col_10259_6735</setSpec><setSpec>col_10259_5684</setSpec></header><metadata><record xmlns="http://www.loc.gov/MARC21/slim" xmlns:doc="http://www.lyncode.com/xoai" xmlns:xsi="http://www.w3.org/2001/XMLSchema-instance" xmlns:dcterms="http://purl.org/dc/terms/" xsi:schemaLocation="http://www.loc.gov/MARC21/slim http://www.loc.gov/standards/marcxml/schema/MARC21slim.xsd">
<leader>00925njm 22002777a 4500</leader>
<datafield tag="042" ind1=" " ind2=" ">
<subfield code="a">dc</subfield>
</datafield>
<datafield tag="720" ind1=" " ind2=" ">
<subfield code="a">Miguel Ortega, Alvaro</subfield>
<subfield code="e">author</subfield>
</datafield>
<datafield tag="720" ind1=" " ind2=" ">
<subfield code="a">Vallejos Calzada, Saúl</subfield>
<subfield code="e">author</subfield>
</datafield>
<datafield tag="720" ind1=" " ind2=" ">
<subfield code="a">García Pérez, José Miguel</subfield>
<subfield code="e">author</subfield>
</datafield>
<datafield tag="720" ind1=" " ind2=" ">
<subfield code="a">Trigo López, Miriam</subfield>
<subfield code="e">author</subfield>
</datafield>
<datafield tag="260" ind1=" " ind2=" ">
<subfield code="c">2024-08-26</subfield>
</datafield>
<datafield tag="520" ind1=" " ind2=" ">
<subfield code="a">The dataset contains all raw data of the work "Boosting m-aramids performance with p-oriented aromatic amide side chains"</subfield>
</datafield>
<datafield tag="024" ind2=" " ind1="8">
<subfield code="a">http://hdl.handle.net/10259/9524</subfield>
</datafield>
<datafield tag="024" ind2=" " ind1="8">
<subfield code="a">10.71486/d668-2h17</subfield>
</datafield>
<datafield ind1=" " ind2=" " tag="653">
<subfield code="a">Mechanical performance</subfield>
</datafield>
<datafield ind1=" " ind2=" " tag="653">
<subfield code="a">Thermal properties</subfield>
</datafield>
<datafield ind1=" " ind2=" " tag="653">
<subfield code="a">Hydrogen bonding</subfield>
</datafield>
<datafield ind1=" " ind2=" " tag="653">
<subfield code="a">High performance</subfield>
</datafield>
<datafield ind1=" " ind2=" " tag="653">
<subfield code="a">Side chain</subfield>
</datafield>
<datafield ind1=" " ind2=" " tag="653">
<subfield code="a">Application in hydrogen environments</subfield>
</datafield>
<datafield tag="245" ind1="0" ind2="0">
<subfield code="a">DUBU-Polymers Research Group 21082024</subfield>
</datafield>
</record></metadata></record></GetRecord></OAI-PMH>